| 000 | 01810cam a2200481 a 4500 | ||
|---|---|---|---|
| 001 | 2822988 | ||
| 003 | ARRUPE | ||
| 005 | 20150908084544.0 | ||
| 008 | 830418m19841988nyua b 001 0 eng | ||
| 010 | _a 83008187 | ||
| 020 | _a0195033523 (v. 1) | ||
| 020 | _a0195037413 (v. 2) | ||
| 020 | _a0393033988 (v. 3) | ||
| 020 | _a0393038130 (v. 4) | ||
| 020 | _a0393045706 (v. 5) | ||
| 040 |
_aDLC _cDLC _dDLC |
||
| 043 |
_ae------ _an-us--- |
||
| 050 | 0 | 0 |
_aHT690.E73 _bG39 1995 |
| 082 | 0 | 0 |
_a306.7/094 _219 |
| 100 | 1 |
_aGay, Peter, _d1923-2015. _918804 |
|
| 245 | 1 | 4 |
_aThe bourgeois experience : _bVictoria to Freud / _cPeter Gay. |
| 260 |
_aNew York : _bOxford University Press, _c1995 |
||
| 300 |
_a5 v. : _bill. ; _c24-25 cm. |
||
| 500 | _aVols. 3-5: 1st ed. | ||
| 500 | _aVols. 3-5 published: New York : Norton. | ||
| 504 | _aIncludes bibliographical references and indexes. | ||
| 505 | 0 | _av. 1. Education of the senses -- v. 2. The tender passion -- v. 3. The cultivation of hatred -- v. 4. The naked heart -- v. 5. Pleasure wars. | |
| 650 | 0 |
_aMiddle class _zEurope _xHistory _y19th century. _918805 |
|
| 650 | 0 |
_aMiddle class _zUnited States _xHistory _y19th century. _918806 |
|
| 650 | 0 |
_aSex customs _zEurope _xHistory _y19th century. _918807 |
|
| 650 | 0 |
_aSex customs _zUnited States _xHistory _y19th century. _918808 |
|
| 650 | 0 |
_aSex (Psychology) _918809 |
|
| 650 | 0 |
_aLove. _918810 |
|
| 650 | 0 |
_aPsychoanalysis and culture. _918811 |
|
| 740 | 0 | 2 | _aEducation of the senses. |
| 740 | 0 | 2 | _aTender passion. |
| 740 | 0 | 2 | _aCultivation of hatred. |
| 740 | 0 | 2 | _aNaked heart. |
| 740 | 0 | 2 | _aPleasure wars. |
| 856 | 4 | 2 |
_3Publisher description _uhttp://www.loc.gov/catdir/enhancements/fy0636/83008187-d.html |
| 906 |
_a7 _bcbc _corignew _d1 _eocip _f19 _gy-gencatlg |
||
| 942 |
_2lcc _cMONOGRAPH |
||
| 999 |
_c123117 _d123117 |
||